| 000 | 00691nam a2200217 a 4500 | ||
|---|---|---|---|
| 005 | 20240831063756.0 | ||
| 008 | 140403s1990 mx r 000 0 spa d | ||
| 020 | _a8476472676 | ||
| 035 | _aUPN01000196844 | ||
| 049 | _aI | ||
| 050 | 4 |
_aPQ6668 O3.75 _bA4.2 |
|
| 100 | 1 |
_aRodríguez Almodóvar, Antonio, _d1941- _930636 |
|
| 245 | 1 | 4 |
_aLas alas del príncipe / _cA. R. Almodóvar ; il. Miguel Angel Praticó. |
| 260 |
_aSevilla, Esp. : _bAlgaida, _c1990. |
||
| 300 |
_a15 p. : _bil. col. |
||
| 440 | 0 |
_aCuentos de la media lunita ; _v43 |
|
| 650 | 4 |
_aCuentos infantiles españoles _97725 |
|
| 650 | 4 |
_aPRINCIPES - _vLITERATURA INFANTIL _911346 |
|
| 905 | _aInfantil | ||
| 999 |
_c168945 _d168945 |
||